| 000 | 01100nam a22002777a 4500 | ||
|---|---|---|---|
| 003 | EG-ScBUE | ||
| 005 | 20220406103127.0 | ||
| 008 | 110913s2001 ua f 000 0 ara d | ||
| 020 | _a9773410102 | ||
| 040 |
_aEG-ScBUE _bara _erda _cEG-ScBUE _dEG-ScBUE |
||
| 082 | 0 | 4 |
_222 _a892.7 _bن ص ا |
| 100 | 1 |
_927156 _aنصار، حسين، _d1925- _eمؤلف. |
|
| 245 | 1 | 0 |
_aفي الأدب المصري / _cالدكتور حسين نصار، أستاذ الأدب العربي، عميد كلية الآداب، جامعة القاهرة سابقا. |
| 250 | _aالطبعة الأولى. | ||
| 264 | 1 |
_aالقاهرة : _bمكتبة الثقافة الدينية، _c2001. |
|
| 300 |
_a257 صفحة ؛ _c24 سم |
||
| 336 |
_2rdacontent _aنص _btxt |
||
| 337 |
_2rdamedia _aبدون وسيط _bn |
||
| 338 |
_2rdacarrier _aمجلد _bnc |
||
| 504 | _aيشتمل على إرجاعات ببليوجرافية. | ||
| 650 | 7 |
_98574 _aالأدب العربي _xتاريخ ونقد _zمصر. _2BUEsh |
|
| 651 | _2BUEsh | ||
| 653 |
_cSeptember2011 _bARALIT |
||
| 655 |
_vReading book _934232 |
||
| 942 |
_2ddc _cBB |
||
| 999 |
_c16013 _d16013 |
||